<?xml version="1.0" encoding="UTF-8"?>
<marc:record xmlns:marc="http://www.loc.gov/MARC21/slim">
   <marc:leader>00000nam a2200000 a 4500</marc:leader>
   <marc:datafield ind1="1" ind2=" " tag="100">
      <marc:subfield code="a">Hänel, Wolfram</marc:subfield>
      <marc:subfield code="4">aut</marc:subfield>
      <marc:subfield code="e">Verfasser/-in</marc:subfield>
   </marc:datafield>
   <marc:datafield ind1="0" ind2="0" tag="245">
      <marc:subfield code="a">Die Fußballschafe</marc:subfield>
   </marc:datafield>
   <marc:datafield ind1="0" ind2="0" tag="245">
      <marc:subfield code="b">Flocke dribbelt los</marc:subfield>
   </marc:datafield>
   <marc:datafield ind1=" " ind2="1" tag="264">
      <marc:subfield code="b">Fischer Sauerländer</marc:subfield>
      <marc:subfield code="c">2026</marc:subfield>
   </marc:datafield>
   <marc:datafield ind1="1" ind2=" " tag="520">
      <marc:subfield code="a">Wenn das kleine Schaf Flocke von Abenteuern träumt, gibt's Trubel auf dem Hof von Bauer Meier!

Mäh, so eine  Aufregung am Morgen:  Als Flocke den Bauern und seine Freunde dabei beobachtet, wie sie auf der Wiese einer schwarz-weißen Kugel hinterherrennen und dabei jede Menge Spaß haben, steht für Flocke fest: Das will sie auch! Ihr großer Traum ist: Fußballstar werden! Mithilfe von Hütehund Johnny und einem Kohlkopf lernt Flocke nicht nur kicken wie ein Pro. Die beiden Freunde bringen mit Geschick und Köpfchen auch Flitzer, Flummi und die anderen Schafe zum Bolzen – bis es endlich heißt: 1:0 für die Fußballschafe! Jetzt ist klar, dass vor allem Teamgeist und Freundschaft die Herzen gewinnen.
(Quelle: Verlagstext)</marc:subfield>
   </marc:datafield>
   <marc:datafield ind1=" " ind2=" " tag="020">
      <marc:subfield code="a">9783737375535</marc:subfield>
      <marc:subfield code="9">9783737375535</marc:subfield>
   </marc:datafield>
</marc:record>
